000
00227nam a2200097Ia 4500
008
220216s9999 xx 000 0 und d
245
0
_a
Jalabhayam maariya rubber
260
_b
Karshakasree
_c
2010
300
_a
13-Dec
942
_c
JS
999
_c
61776
_d
61776